Διαθρησκειακός διάλογος
Αποθηκεύτηκε σε:
| Κύριος συγγραφέας: | |
|---|---|
| Άλλοι συγγραφείς: | |
| Μορφή: | Βιβλίο |
| Γλώσσα: | Greek |
| Δημοσίευση: |
Θεσσαλονίκη :
Εκδόσεις Πανεπιστημίου Μακεδονίας,
2016.
|
| Σειρά: | Θρησκείες, κοινωνίες και πολιτισμοί από την αρχαία στη σύγχρονη εποχή (Εκδόσεις Πανεπιστημίου Μακεδονίας)
|
| Θέματα: | |
| Ετικέτες: |
Προσθήκη ετικέτας
Δεν υπάρχουν, Καταχωρήστε ετικέτα πρώτοι!
|
MARC
| LEADER | 00000cam a2200000 a 4500 | ||
|---|---|---|---|
| 001 | 1/116366 | ||
| 008 | 180502s2016####gr |||||||||||||| ||gre|| | ||
| 020 | |a 9786185196172 | ||
| 040 | |a GR-MyUa |b gre |c GR-MyUa |e AACR2 | ||
| 041 | 1 | |a gre | |
| 082 | 7 | |a 261.27 |2 (23) | |
| 100 | 1 | |a Ζιάκας, Γρηγόριος Δ. | |
| 245 | 1 | 0 | |a Διαθρησκειακός διάλογος / |c Γρηγόριος Δ. Ζιάκας, Αγγελική Γ. Ζιάκα. |
| 260 | |a Θεσσαλονίκη : |b Εκδόσεις Πανεπιστημίου Μακεδονίας, |c 2016. | ||
| 300 | |a 600 σ. ; |c 21 εκ. | ||
| 490 | 1 | |a (Θρησκείες, κοινωνίες και πολιτισμοί από την αρχαία στη σύγχρονη εποχή / Εκδόσεις Πανεπιστημίου Μακεδονίας) | |
| 504 | |a Περιέχει βιβλιογραφία και ευρετήριο. | ||
| 650 | 0 | |a Christianity and other religions |x Islam. | |
| 650 | 0 | |a Islam |x Relations |x Christianity. | |
| 700 | 1 | |a Ζιάκα, Αγγελική Γρ. | |
| 830 | 0 | |a Θρησκείες, κοινωνίες και πολιτισμοί από την αρχαία στη σύγχρονη εποχή (Εκδόσεις Πανεπιστημίου Μακεδονίας) | |
| 852 | |a INST |b LESVOS |c EUDOXUS |e 20180502 |h 261.27 ΖΙΑ |p 005100061054 |q 005100061054 |t EDX |y 0 | ||
| 920 | |a Εύδοξος |b Παραγγελία |y Λέσβος-ΤΚΑΙ |z 2018-04 | ||
| 970 | |a Καμάτσου |b Δέσποινα |z 02-05-2018 | ||